| 000 | 00484nam a2200181Ia 4500 | ||
|---|---|---|---|
| 001 | 10295 | ||
| 005 | 20260306161821.0 | ||
| 008 | 260306t1999||||xx |||||||||||||| ||spa|| | ||
| 041 | _aESP | ||
| 082 |
_a918 _bA34 |
||
| 100 |
_aAlaperrine-Bouyer, Monique _eAUT |
||
| 245 | 0 | _aMariano Eduardo de Rivero en algunas de sus cartas al varón Alexander Von Humboldt | |
| 260 | _c1999 | ||
| 300 |
_a70 páginas : _c22 cm. |
||
| 650 | _aGEN | ||
| 654 | _aCHU | ||
| 942 |
_cLIB _dJUS _fJUS _2ddc _n |
||
| 999 |
_c10295 _d10295 |
||